<?xml version="1.0" encoding="UTF-8"?>
<record
    xmlns:xsi="http://www.w3.org/2001/XMLSchema-instance"
    xsi:schemaLocation="http://www.loc.gov/MARC21/slim http://www.loc.gov/standards/marcxml/schema/MARC21slim.xsd"
    xmlns="http://www.loc.gov/MARC21/slim">

  <leader>03116nam a2200397Ia 4500</leader>
  <controlfield tag="001">DIGANR0283</controlfield>
  <controlfield tag="006">m        d        </controlfield>
  <controlfield tag="007">cr |||||||||||</controlfield>
  <controlfield tag="008">100325s2009    sp  a    b    000 0 spa d</controlfield>
  <datafield tag="035" ind1=" " ind2=" ">
    <subfield code="a">(OCoLC)1335126136</subfield>
  </datafield>
  <datafield tag="040" ind1=" " ind2=" ">
    <subfield code="a">DGITA</subfield>
    <subfield code="b">eng</subfield>
    <subfield code="e">pn</subfield>
    <subfield code="c">DGITA</subfield>
  </datafield>
  <datafield tag="043" ind1=" " ind2=" ">
    <subfield code="a">e-gx--- </subfield>
  </datafield>
  <datafield tag="245" ind1="0" ind2="0">
    <subfield code="a">Hannah Arendt :</subfield>
    <subfield code="b"> pluralidad y juicio : la lectura secreta de un pensar diferente /</subfield>
    <subfield code="c"> [coordinador, Celso S&#xE1;nchez Capdequ&#xED;]. </subfield>
  </datafield>
  <datafield tag="246" ind1="3" ind2=" ">
    <subfield code="a">Lectura secreta de un pensar diferente </subfield>
  </datafield>
  <datafield tag="264" ind1=" " ind2="1">
    <subfield code="a">Rubi (Barcelona) :</subfield>
    <subfield code="b">Anthropos Editorial,</subfield>
    <subfield code="c">2009.</subfield>
  </datafield>
  <datafield tag="300" ind1=" " ind2=" ">
    <subfield code="a">1 online resource (224 p.) :</subfield>
    <subfield code="b">illustrations.</subfield>
  </datafield>
  <datafield tag="336" ind1=" " ind2=" ">
    <subfield code="a">text</subfield>
    <subfield code="b">txt</subfield>
    <subfield code="2">rdacontent</subfield>
  </datafield>
  <datafield tag="337" ind1=" " ind2=" ">
    <subfield code="a">computer</subfield>
    <subfield code="b">c</subfield>
    <subfield code="2">rdamedia</subfield>
  </datafield>
  <datafield tag="338" ind1=" " ind2=" ">
    <subfield code="a">online resource</subfield>
    <subfield code="b">cr</subfield>
    <subfield code="2">rdacarrier</subfield>
  </datafield>
  <datafield tag="490" ind1="1" ind2=" ">
    <subfield code="a">Revista anthropos: huellas del conocimiento,</subfield>
    <subfield code="x">11373636 ;</subfield>
    <subfield code="v">224.</subfield>
  </datafield>
  <datafield tag="500" ind1=" " ind2=" ">
    <subfield code="a">Cover title.</subfield>
  </datafield>
  <datafield tag="500" ind1=" " ind2=" ">
    <subfield code="a">"N.&#xB0; 224, 2009" --P. [2] of cover.</subfield>
  </datafield>
  <datafield tag="500" ind1=" " ind2=" ">
    <subfield code="a">"Coordinador: Celso S&#xE1;nchez Capdequ&#xED;"</subfield>
  </datafield>
  <datafield tag="504" ind1=" " ind2=" ">
    <subfield code="a">Includes bibliographical references.</subfield>
  </datafield>
  <datafield tag="505" ind1="2" ind2=" ">
    <subfield code="a">Editorial: Hannah Arendt. Pensar de nuevo la contemporaneidad como un proyecto excluyente de la experiencia hist&#xF3;rica del sufrimiento y su actualidad -- Biograf&#xED;a de Hannah Arendt / Celso S&#xE1;nchez Capdequ&#xED; -- Breve topograf&#xED;a de una imaginaci&#xF3;n reciclada / &#xC1;ngela Lorena Fuster Peir&#xF3; -- Cronolog&#xED;a cient&#xED;fica de Hannah Arendt / Celso S&#xE1;nchez Capdequ&#xED; -- Bibliograf&#xED;a de y sobre Hannah Arendt / Celso S&#xE1;nchez Capdequ&#xED; -- De la banalidad a la licuefacci&#xF3;n del mal: relectura actual del totalitarismo / Celso S&#xE1;nchez Capdequ&#xED; -- Emocracia, propaganda y martirio en el nacionalsocialismo / Jes&#xFA;s Casquete - &#xBF;Qu&#xE9; hacemos con la pol&#xED;tica? / Manuel Cruz -- Pensar la pol&#xED;tica y la comunicaci&#xF3;n desde la apariencia / Daniel H. Cabrera -- An&#xE1;lisis tem&#xE1;tico. Una pedagog&#xED;a del mundo. Aproximaci&#xF3;n a la filosof&#xED;a de la educaci&#xF3;n de Hannah Arendt / Fernando B&#xE1;rcena -- La desconfianza de Hannah Arendt: consideraciones cr&#xED;ticas respecto a su pensamiento educativo / Jos&#xE9; Mar&#xED;a P&#xE9;rez-Agote Aguirre -- Notas sobre Hannah Arendt y los feminismos / Fina Birul&#xE9;s -- La eutanasia a trav&#xE9;s del pensamiento de H. Arendt / Javier Gil Gimeno - Colaboradores -- Laberintos: transcurso por las se&#xF1;as del sentido. La voz silenciada de un Continente-Abya Yala -- Documentaci&#xF3;n cultural e informaci&#xF3;n bibliogr&#xE1;fica : "Progreso" y "declive". Ap&#xE9;ndice a la historia de dos conceptos / Reinhart Koselleck -- La antropolog&#xED;a en di&#xE1;logo con las humanidades / Manuel Gonz&#xE1;lez de &#xC1;vila -- Selecci&#xF3;n y rese&#xF1;a: Recensiones -- Noticias de edici&#xF3;n -- Comunicaci&#xF3;n cient&#xED;fica y cultural.</subfield>
  </datafield>
  <datafield tag="600" ind1="1" ind2="0">
    <subfield code="a">Arendt, Hannah,</subfield>
    <subfield code="d">1906-1975. </subfield>
  </datafield>
  <datafield tag="650" ind1=" " ind2="0">
    <subfield code="a">Women philosophers</subfield>
    <subfield code="z">Germany.</subfield>
  </datafield>
  <datafield tag="650" ind1=" " ind2="0">
    <subfield code="a">Women political scientists</subfield>
    <subfield code="z">Germany. </subfield>
  </datafield>
  <datafield tag="655" ind1=" " ind2="7">
    <subfield code="a">Periodicals.</subfield>
    <subfield code="2">lcgft</subfield>
  </datafield>
  <datafield tag="700" ind1="1" ind2=" ">
    <subfield code="a">S&#xE1;nchez Capdequ&#xED;, Celso. </subfield>
  </datafield>
  <datafield tag="791" ind1="2" ind2=" ">
    <subfield code="a">Digitalia (Firm),</subfield>
    <subfield code="e">distributor.</subfield>
  </datafield>
  <datafield tag="793" ind1="0" ind2=" ">
    <subfield code="g">Digitalia e-journal Collection:</subfield>
    <subfield code="a">Anthropos </subfield>
  </datafield>
  <datafield tag="830" ind1=" " ind2="0">
    <subfield code="a">Revista anthropos (Barcelona, Spain) ;</subfield>
    <subfield code="v">224.</subfield>
  </datafield>
  <datafield tag="856" ind1="4" ind2="0">
    <subfield code="3">Digitalia Hisp&#xE1;nica</subfield>
    <subfield code="u">https://www.digitaliapublishing.com/a/9924/</subfield>
  </datafield>
  <datafield tag="942" ind1=" " ind2=" ">
    <subfield code="c">RAA</subfield>
  </datafield>
  <datafield tag="952" ind1=" " ind2=" ">
    <subfield code="0">0</subfield>
    <subfield code="1">0</subfield>
    <subfield code="4">0</subfield>
    <subfield code="7">0</subfield>
    <subfield code="8">DEH</subfield>
    <subfield code="a">BD-UIN</subfield>
    <subfield code="b">BD-UIN</subfield>
    <subfield code="d">2025-04-25</subfield>
    <subfield code="l">0</subfield>
    <subfield code="r">2025-04-25</subfield>
    <subfield code="w">2025-04-25</subfield>
    <subfield code="y">RAA</subfield>
  </datafield>
  <datafield tag="999" ind1=" " ind2=" ">
    <subfield code="c">232288</subfield>
    <subfield code="d">232288</subfield>
  </datafield>
</record>
